Cơ sở văn hóa Việt Nam

Nội dung sách đề cập đến khái niệm cơ bản về văn hoá và văn hoá học, cấu trúc, các thiết chế và chức năng của văn hoá, diễn trình lịch sử của văn hoá Việt Nam, không gian văn hoá Việt Nam

Uloženo v:
Podrobná bibliografie
Hlavní autor: Trần, Quốc Vượng
Médium: Kniha
Jazyk:Undetermined
Vydáno: Hà Nội Giáo dục 2004
Témata:
Tagy: Přidat tag
Žádné tagy, Buďte první, kdo otaguje tento záznam!
Thư viện lưu trữ: Trung tâm Học liệu Trường Đại học Cần Thơ
LEADER 00893nam a2200217Ia 4500
001 CTU_64273
008 210402s9999 xx 000 0 und d
020 |b 17400 
082 |a 306.0899592 
082 |b V561 
100 |a Trần, Quốc Vượng 
245 0 |a Cơ sở văn hóa Việt Nam 
245 0 |c Trần Quốc Vượng ... [ et al. ] 
260 |a Hà Nội 
260 |b Giáo dục 
260 |c 2004 
520 |a Nội dung sách đề cập đến khái niệm cơ bản về văn hoá và văn hoá học, cấu trúc, các thiết chế và chức năng của văn hoá, diễn trình lịch sử của văn hoá Việt Nam, không gian văn hoá Việt Nam 
650 |a Vietnam 
650 |x Civilization 
904 |i Nguyên sửa 
980 |a Trung tâm Học liệu Trường Đại học Cần Thơ